00514nam a22001692 4500001001100000005001700011008004100028020002700069040001500096245009100111250001300202260003700215300001800252650003800270700003300308852000300341000000922420151217152051.0080912s xx 000 0 eng d a0393927504 :cKES 6800 aKABUcKABU10aManagerial economics :btheory, applications, and cases /cW. Bruce Allen ... [et al]. a6th ed. aNew York :bW. W. Norton,c2005. axxiv, 832 p. 0aManagerial economics.@00001505461 aAllen, W. Bruce.@00001603221